Lectures on partial differential equations /
保存先:
| 第一著者: | |
|---|---|
| フォーマット: | Sách giấy |
| 言語: | English Russian |
| 出版事項: |
Berlin ; New York :
Springer-Verlag,
c2004.
|
| 主題: | |
| タグ: |
タグ追加
タグなし, このレコードへの初めてのタグを付けませんか!
|
| Thư viện lưu trữ: | Thư viện Trường Đại học Đà Lạt |
|---|
| LEADER | 00965nam a2200337 4500 | ||
|---|---|---|---|
| 001 | DLU110121349 | ||
| 005 | ##20110517 | ||
| 008 | ##030910s2004 gw a b 000 0 eng | ||
| 010 | # | # | |a 2003060468 |
| 020 | # | # | |a 3540404481 (alk. paper) |
| 040 | # | # | |a DLC |c DLC |d DLC |
| 041 | # | # | |a eng |h rus |
| 042 | # | # | |a pcc |
| 082 | # | # | |a 515.353 |b AR-V |
| 100 | # | # | |a Arnolʹd, V. I. |q (Vladimir Igorevich), |d 1937-2010. |
| 245 | # | # | |a Lectures on partial differential equations / |c Vladimir I. Arnold ; translated by Roger Cooke. |
| 260 | # | # | |a Berlin ; |a New York : |b Springer-Verlag, |c c2004. |
| 300 | # | # | |a x, 157 p. : |b ill. ; |c 24 cm. |
| 504 | # | # | |a Includes bibliographical references. |
| 650 | # | # | |a Differential equations, Partial. |
| 923 | # | # | |a 01/2011TN |
| 991 | # | # | |a GT |
| 992 | # | # | |a 0 |
| 994 | # | # | |a KTN |
| 900 | # | # | |a True |
| 911 | # | # | |a Đào Thị Thu Huyền |
| 925 | # | # | |a G |
| 926 | # | # | |a A |
| 927 | # | # | |a SH |
| 980 | # | # | |a Thư viện Trường Đại học Đà Lạt |


